ბათუმის შოთა რუსთაველის სახელმწიფო უნივერსიტეტის ბიბლიოთეკა

პათოლოგიური ანატომიის და ზოგადი პათოლოგიის მოკლე სახელმძღვანელო : (ბიბ.ჩანაწერი № 62016)

000 -ლიდერი
ფიქსირებული სიგრძის საკონტროლო ველი 00937nam a22001937a 4500
003 - საკონტროლო ნომრის იდენტიფიკატორი
საკონტროლო ველი Ge_BSU
005 - ბოლო ოპერაციის თარიღი და დრო
საკონტროლო ველი 20240624111938.0
008 - ფიქსირებული სიგრძის მონაცემთა ელემენტები - ზოგადი ინფორმაცია
ფიქსირებული სიგრძის საკონტროლო ველი 240624s1935 ge ||||| |||| 00| 0 geo d
041 ## - ენის კოდი
Language code of text/sound track or separate title geo
080 ## - უნივერსალური ათობითი კლასიფიკაციის ინდექსი
Universal Decimal Classification number 616-091(075.32) ხ-46
100 ## - მთავარი ჩანაწერი - პიროვნების სახელი
Personal name ხეჩინიშვილი, გ.გ.
9 (RLIN) 22543
245 ## - ცნობა სათაურის შესახებ
Title პათოლოგიური ანატომიის და ზოგადი პათოლოგიის მოკლე სახელმძღვანელო :
Statement of responsibility, etc გ.გ. ხეჩინიშვილი; რედ. ლ. შარაშიძე.
264 ## - წარმოების, გამოცემის, დისტრიბუციის და სხვა ცნობები
გამოცემის, წარმოების, დისტრიბუციის... სახელწოდება აჭარისტანის სახელგამი,
გამოცემის, წარმოების, დისტრიბუციის... თარიღი 1935.
300 ## - ფიზიკური აღწერა
Extent 44 გვ. ;
Other physical details 23 სმ.
653 ## - INDEX TERM--UNCONTROLLED
Uncontrolled term პათოლოგიური ანატომია
653 ## - INDEX TERM--UNCONTROLLED
Uncontrolled term ზოგადი პათოლოგია
700 ## - ADDED ENTRY--PERSONAL NAME
Personal name შარაშიძე, ლ.
Relator term რედაქტორი
9 (RLIN) 7534
942 ## - ADDED ENTRY ELEMENTS (KOHA)
Source of classification or shelving scheme
Koha item type წიგნი
ეგზემპლარები
ჩამოწერის სტატუსი დაკარგული ეგზემპლარის სტატუსი კლასიფიკაციის წყარო ან თაროზე გაწყობის სქემა დაზიანების სტატუსი არ გაიცემა მუდმივი მდებარეობა (დაცვის ადგილი) ამჟამინდელი ადგილსამყოფელი თაროზე განთავსების ადგილი შეძენის თარიღი ღირებულება, შესყიდვის ნორმალური ფასი სრული შენახვის შიფრი შტრიხკოდი ბოლო ოპერაციის თარიღი ეგზემპლარის მიმდევრობითი ნომერი (კეტერი?) ფასის ძალაში შესვლის თარიღი ეგზემპლარის სახეობა საჯარო შენიშვნა
          ბათუმის შოთა რუსთაველის სახელმწიფო უნივერსიტეტის მთავარი ბიბლიოთეკა ბათუმის შოთა რუსთაველის სახელმწიფო უნივერსიტეტის მთავარი ბიბლიოთეკა წიგნსაცავი 2024-06-24 0.50 616-091(075.32) ხ-46 68293 2024-06-24 68293 2024-06-24 წიგნი 0.50 თ.
          ბათუმის შოთა რუსთაველის სახელმწიფო უნივერსიტეტის მთავარი ბიბლიოთეკა ბათუმის შოთა რუსთაველის სახელმწიფო უნივერსიტეტის მთავარი ბიბლიოთეკა წიგნსაცავი 2024-06-24 0.50 616-091(075.32) ხ-46 68294 2024-06-24 68294 2024-06-24 წიგნი 0.50 თ.